| 000 | 00772cam a22002413a 4500 | ||
|---|---|---|---|
| 001 | 32913 | ||
| 003 | PGUSA | ||
| 005 | 20140828083719.0 | ||
| 008 | 100620s2010||||xxu|||||s|||||000 | eng d | ||
| 040 |
_aPGUSA _beng |
||
| 042 | _adc | ||
| 050 | 4 | _aDT | |
| 100 | 1 |
_aStanley, Henry M. _q(Henry Morton), _d1841-1904 |
|
| 245 | 1 | 0 |
_aThrough South Africa : _bHis Visit to Rhodesia, the Transvaal, Cape Colony, Natal _h[electronic resource] / _cHenry M. Stanley |
| 260 |
_bProject Gutenberg, _c2010 |
||
| 500 | _aIllustrated with photographs. | ||
| 506 | _aPublic domain in the USA. | ||
| 516 | _aElectronic text | ||
| 653 | _aSouth Africa -- Description and travel | ||
| 830 | 0 |
_aProject Gutenberg _v32913 |
|
| 856 | 4 | 0 | _uhttp://www.gutenberg.org/ebooks/32913 |
| 942 | _cEB | ||
| 999 |
_c262168 _d262168 |
||